[Event "Agartala Dutta Memorial 3rd"]
[Site "Agartala"]
[Date "2023.11.06"]
[Round "10"]
[White "Pradeep, Tiwari"]
[Black "Himanshu, Moudgil"]
[Result "1/2-1/2"]
[WhiteElo "1854"]
[BlackElo "1448"]
[PlyCount "45"]
[EventDate "2023.11.01"]
[EventType "swiss"]
[EventRounds "10"]
[EventCountry "IND"]
[SourceTitle "CB46_2023"]
[SourceDate "2023.11.15"]
[SourceVersion "1"]
[SourceVersionDate "2023.11.15"]
[SourceQuality "1"]

1. e4 e6 2. d4 d5 3. e5 c5 4. c3 Nc6 5. a3 Bd7 6. b4 cxd4 7. cxd4 f5 8. f4 Nge7 9. Nf3 Ng6 10. g3 Be7 11. Bb2 0-0 12. Nbd2 a6 13. Bd3 Rc8 14. 0-0 Na7 15. Qe2 Bb5 16. Rfc1 Qd7 17. Nb3 b6 18. Kf2 Rxc1 19. Rxc1 Rc8 20. Rxc8+ Qxc8 21. Qc2 Qxc2+ 22. Bxc2 Nc6 23. Ke3 1/2-1/2

[Event "IND-ch 59th"]
[Site "New Delhi"]
[Date "2022.12.22"]
[Round "1"]
[White "Himanshu, Moudgil"]
[Black "Nayak, Rajesh"]
[Result "0-1"]
[WhiteElo "1554"]
[BlackElo "2184"]
[PlyCount "106"]
[EventDate "2022.12.22"]
[EventType "swiss"]
[EventRounds "13"]
[EventCountry "IND"]
[SourceTitle "CBM 211 Extra"]
[Source "ChessBase"]
[SourceDate "2023.01.31"]
[SourceVersion "1"]
[SourceVersionDate "2023.01.31"]
[SourceQuality "1"]

1. d4 Nf6 2. c4 g6 3. Nc3 Bg7 4. e4 d6 5. f3 0-0 6. Be3 c5 7. dxc5 dxc5 8. Bxc5 Nc6 9. Qxd8 Rxd8 10. Rd1 Nd7 11. Be3 b6 12. Nge2 Ba6 13. Nd4 Nde5 14. Nd5 Rac8 15. f4 Nxd4 16. Bxd4 Nc6 17. Bxg7 Kxg7 18. b3 e6 19. Ne3 Nb4 20. a3 Rxd1+ 21. Nxd1 Nc6 22. Kd2 Rd8+ 23. Bd3 Na5 24. b4 Bxc4 25. Nb2 Bxd3 26. Nxd3 Nc4+ 27. Kc3 Nxa3 28. e5 Rc8+ 29. Kb3 Nb5 30. Rc1 Rd8 31. Rd1 Rd4 32. g3 a5 33. bxa5 bxa5 34. Nf2 a4+ 35. Kc2 Rc4+ 36. Kb2 Rb4+ 37. Ka1 Rd4 38. Rxd4 Nxd4 39. Ka2 g5 40. fxg5 Kg6 41. Ne4 Nf3 42. h4 Nxe5 43. Ka3 Kf5 44. Nf6 h6 45. Nh7 Kg6 46. Nf6 hxg5 47. Ne4 gxh4 48. gxh4 Kh5 49. Kxa4 Kxh4 50. Kb3 Kg4 51. Kc3 Kf4 52. Kd4 Nc6+ 53. Kd3 Nb4+ 0-1

[Event "Kolhapur Kulkarni Memorial"]
[Site "Kolhapur"]
[Date "2021.12.05"]
[Round "2"]
[White "Himanshu, Moudgil"]
[Black "Kumbhar, Kartik"]
[Result "1-0"]
[WhiteElo "1798"]
[BlackElo "1257"]
[PlyCount "64"]
[EventDate "2021.12.04"]
[EventType "swiss"]
[EventRounds "10"]
[EventCountry "IND"]
[SourceTitle "EXT 2023"]
[Source "ChessBase"]
[SourceDate "2022.10.05"]
[SourceVersion "1"]
[SourceVersionDate "2022.10.05"]
[SourceQuality "1"]

1. d4 d5 2. e3 Nf6 3. Bd3 Bg4 4. Ne2 e6 5. 0-0 Nbd7 6. f4 c5 7. c3 Bd6 8. Nd2 Bf5 9. Nf3 Bxd3 10. Qxd3 c4 11. Qc2 Ne4 12. Ng5 Nxg5 13. fxg5 Qxg5 14. e4 Qg6 15. Bf4 Bxf4 16. Nxf4 Qxe4 17. Qa4 b5 18. Qa3 Qc2 19. Rae1 Qa4 20. Qd6 0-0-0 21. b4 Kb7 22. Rxe6 fxe6 23. Nxe6 Qa6 24. Qc7+ Ka8 25. Nxd8 Nf6 26. Qxg7 Rxd8 27. Rxf6 Qxa2 28. Qc7 Rg8 29. Qc6+ Kb8 30. Qxb5+ Kc8 31. Rc6+ Kd8 32. Qb8+ Ke7 1-0